000 00289nam a22001337a 4500
008 171023b xxu||||| |||| 00| 0 eng d
020 _a9781574101409
041 _aeng
080 _25TH
_a338
100 _a54
101 _aMO
245 _aKEEPING THE BOOKS
_cPINSON,L
942 _2udc
_cBK
999 _c35461
_d35461